1396 1736 1882 1178 1822 1103 1136 1142 1969 1269 1769 1596 1614 1565 1218 1815 1665 1106 1331 1915 1344 1342 1433 1637 1666 1622 1287 1647 1944 1857 1087 1776 1222 1298 1166 1707 1231 1991 1534 1065 1532 1635 1905 1721 1494 1010 1250 1334 1668 1026 1845 1344 1783 1740 1963 1517 1493 1314 1435 1246 1614 1511 1041 1336 1478 1543 1095 1398 1222 1195 1943 1680 1865 1833 1029 1229 1334 1507 1586 1085 1205 1386 1517 1180 1923 1925 1087 1301 1597 1252 1212 1270 1221 1923 1620 1871 1638 1127 1041 BCNSPRNW ULIB Ver.6.0+V

เปลี่ยนเป็นภาษาไทย

Change to English
 แสดงรายละเอียดบรรณานุกรม
  กลับหน้าหลัก

Brief Record : Get Marc (ISO 2709) : E-mail record : QR code < ปิดหน้าต่าง
LEADER : 00000nam 2200000uu 4500
001    13399128920
003     ULIB
008    241030s2024||||th 000 0 tha d
020    ^a9780443116070
060 04 ^aQV39^bK62S
100 1  ^aKizior, Robert J.,^eauthor
245 00 ^aSaunders nursing drug handbook 2024 /^cRobert J. Kizior,Barbara B. Hodgson ; with additional contributions byKeith J. Hodgson, James B. Witmer
260    ^aSt. Louis, Missouri :^bElsevier,^c2024
300    ^axxiv, 158 C., 1347 pages ;^c20 cm.
504    ^aIncludes index
650  2 ^aPharmaceutical Preparations^xNurses Instruction
650  2 ^aPharmaceutical Preparations^vHandbooks
700 1  ^aHodgson, Barbara B.,^eauthor
700 1  ^aHodgson, Keith J.,^econtributor
700 1  ^aWitmer, James B.,^econtributor
945    ^p1309^l0^i011168
999    ^aประนอม เกษจรัล
รายการนี้ยังไม่มีแท็ก
คุณยังไม่ได้ล็อกอิน คุณสามารถมีกิจกรรมร่วมกับเว็บไซต์ได้ แต่ต้องล็อกอินก่อน ::
  ล็อกอิน

รายการสื่อสารสนเทศ

ลำดับที่ ประเภท เลขเรียก/บาร์โค้ด สถานที่ สถานะ
1. วิทยาศาสตร์การแพทย์ และสุขภาพ
หนังสือสำรอง
สถานะ=หนังสือสำรอง
QV39 K62S ฉ.1 
  Barcode: 011168
ห้องสมุดวิทยาเขตสวรรค์ประชารักษ์
►หนังสือทั่วไป
บนชั้น

BibComment


ยังไม่เคยถูกคอมเมนท์

คอมเมนท์ทรัพยากรรายการนี้
  คอมเมนท์: Saunders nursing..


 Copyright 2026. Bcnsprnw @Library